000 00374nam a2200157Ia 4500
005 20241001102920.0
008 240806s9999||||xx |||||||||||||| ||eng||
041 _aeng
082 _a891.431009
_bMEER
100 _aTripathi, Vishwanath
245 0 _aMeera ka kavya /
_cTripathi, Vishwanath
260 _bVani Prakashan
300 _a127p.
650 _aHindi
942 _cBK
999 _c2786
_d2786